Supply Chain Management: Strategy, Planning, and Operation (Record no. 2417)

MARC details
005 - DATE AND TIME OF LATEST TRANSACTION
control field 20250516142105.0
020 ## - INTERNATIONAL STANDARD BOOK NUMBER
International Standard Book Number 978-0-292-09356-7
082 ## - DEWEY DECIMAL CLASSIFICATION NUMBER
Classification number 658.7 CHO
100 ## - MAIN ENTRY--PERSONAL NAME
Author name CHOPRA, S .
245 ## - TITLE STATEMENT
Title Supply Chain Management: Strategy, Planning, and Operation
250 ## - EDITION STATEMENT
Edition statement 6th Ed .
260 ## - PUBLICATION, DISTRIBUTION, ETC.
Place of publication, distribution, etc. Boston,
Name of publisher, distributor, etc. Pearson Education Ltd,
Date of publication, distribution, etc. 2016.
300 ## - PHYSICAL DESCRIPTION
Extent 528p.: figure, table,
Other physical details bibliography & index,
Dimensions 25cm.
700 ## - ADDED ENTRY--PERSONAL NAME
Other authors/Editors MEINDL, P .
942 ## - ADDED ENTRY ELEMENTS (KOHA)
Source of classification or shelving scheme Dewey Decimal Classification
Koha item type Books
Holdings
Date last seen Total checkouts Full call number Barcode Cost, replacement price Price effective from Koha item type Lost status Source of classification or shelving scheme Damaged status Not for loan Withdrawn status Home library Current library Shelving location Date acquired Cost, normal purchase price
05/16/2025   658.7 CHO 0000009084 460950.00 05/16/2025 Books   Dewey Decimal Classification       College of Business Education Main Library College of Business Education Main Library General Collection 06/19/2017 153650.00
05/16/2025   658.7 CHO 0000009085 460950.00 05/16/2025 Books   Dewey Decimal Classification       College of Business Education Main Library College of Business Education Main Library General Collection 06/19/2017 153650.00
05/16/2025   658.7 CHO 0000009086 460950.00 05/16/2025 Books   Dewey Decimal Classification       College of Business Education Main Library College of Business Education Main Library General Collection 06/19/2017 153650.00
05/16/2025   658.7 CHO 0000009087 460950.00 05/16/2025 Books   Dewey Decimal Classification       College of Business Education Main Library College of Business Education Main Library General Collection 06/19/2017 153650.00